<?xml version="1.0" encoding="UTF-8"?><?xml-stylesheet type="text/xsl" href="static/style.xsl"?><OAI-PMH xmlns="http://www.openarchives.org/OAI/2.0/" xmlns:xsi="http://www.w3.org/2001/XMLSchema-instance" xsi:schemaLocation="http://www.openarchives.org/OAI/2.0/ http://www.openarchives.org/OAI/2.0/OAI-PMH.xsd"><responseDate>2026-04-17T03:17:56Z</responseDate><request verb="GetRecord" identifier="oai:www.recercat.cat:2072/261301" metadataPrefix="marc">https://recercat.cat/oai/request</request><GetRecord><record><header><identifier>oai:recercat.cat:2072/261301</identifier><datestamp>2025-03-11T16:33:31Z</datestamp><setSpec>com_2072_220028</setSpec><setSpec>com_2072_4427</setSpec><setSpec>col_2072_479371</setSpec></header><metadata><record xmlns="http://www.loc.gov/MARC21/slim" xmlns:dcterms="http://purl.org/dc/terms/" xmlns:xsi="http://www.w3.org/2001/XMLSchema-instance" xmlns:doc="http://www.lyncode.com/xoai" xsi:schemaLocation="http://www.loc.gov/MARC21/slim http://www.loc.gov/standards/marcxml/schema/MARC21slim.xsd">
   <leader>00925njm 22002777a 4500</leader>
   <datafield ind2=" " ind1=" " tag="042">
      <subfield code="a">dc</subfield>
   </datafield>
   <datafield ind2=" " ind1=" " tag="720">
      <subfield code="a">Gómez Pons, Mireia</subfield>
      <subfield code="e">author</subfield>
   </datafield>
   <datafield ind2=" " ind1=" " tag="720">
      <subfield code="a">Garrido Elena, Ana</subfield>
      <subfield code="e">author</subfield>
   </datafield>
   <datafield ind2=" " ind1=" " tag="260">
      <subfield code="c">2013</subfield>
   </datafield>
   <datafield ind2=" " ind1=" " tag="520">
      <subfield code="a">In the year 2007 was found in an emergency archaeological excavation a reused piece as a part of an oil or wine pressing machine, it was previously used as a pedestal of a sculpture where it should have an epigraphic text that it hasn’t come to our period of time. It could come from the forum of the roman city of Mago, Menorca, with two vegetal mouldings decoration that encircle the totality of the perimeter of the piece, that for its stylistic features and techniques seem to be a piece from the 1st century AD.</subfield>
   </datafield>
   <datafield ind2=" " ind1=" " tag="520">
      <subfield code="a">L’any 2007 es va trobar en unes excavacions d’urgència a Maó, una peça reutilitzada com a part d’una premsa d’oli o de vi, que anteriorment havia estat utilitzada com a pedestal d’una escultura que segurament devia tenir un text epigràfic que no ha arribat als nostres dies. Procediria del forum de la ciutat romana de Mago, Menorca, i a la seva part superior presenta dues motllures amb decoració vegetal que rodegen la totalitat del seu perímetre. Les característiques estilístiques i tècniques de la peça semblen indicar una cronologia del segle i dC.</subfield>
   </datafield>
   <datafield ind1="8" ind2=" " tag="024">
      <subfield code="a">Gómez, M; Garrido, A. (2013) "Suport d’escultura amb decoració vegetal procedent del fòrum de Mago (Maó, Menorca)", Pyrenae, 44 vol. 2, p. 33-46</subfield>
   </datafield>
   <datafield ind1="8" ind2=" " tag="024">
      <subfield code="a">http://hdl.handle.net/2072/261301</subfield>
   </datafield>
   <datafield ind2="0" ind1="0" tag="245">
      <subfield code="a">Suport d'escultura amb decoració vegetal procedent del fòrum de Mago (Maó, Menorca)</subfield>
   </datafield>
</record></metadata></record></GetRecord></OAI-PMH>